Tiny Almost Useless Trivia VI Quiz Stats

Quiz Updated Sep 28, 2014

Challenge
Share
Tweet
Embed
Score 0/15 Timer 02:00
0 Plays Today
Question Answer % Correct
What is the capital of Poland?Warsaw
86.1%
What city is written as Москва in its native Russian?Moscow
82.4%
What color is the token that represents Colonel Mustard in Clue(do)?yellow
74.3%
What material for building a house for little pigs becomes a facial blemish when you reverse the letters?straw
70.9%
What series of 7 horror movies from 2003-10 featured people trapped in test of physical horror?Saw
65%
What airport is the busiest in the United Kingdom?London Heathrow
63.9%
What first name is shared by NFL quarterbacks Brees and Bledsoe?Drew
63.8%
Which gospel is the first book of the New Testament?Matthew
61.7%
Question Answer % Correct
What Harold Arlen song won the Academy Award in 1939 for 'The Wizard of Oz?'Over the Rainbow
57.8%
From what language does Rosh Hashanah literally translate to 'head of the year' in English?Hebrew
50.6%
What actor was the Commander in '3rd Rock from the Sun' and the dad in 1984's 'Footloose'?John Lithgow
44.4%
Which Vice President of Richard Nixon resigned in a scandal?Spiro Agnew
44.2%
Which Shakespeare play has the tale of Katherina being wooed by Petruchio?The Taming of the Shrew
34.7%
What television series on the CW, based on a DC comic, stars Stephen Amell as Oliver Queen?Arrow
34.2%
Which of the simple machines converts rotational motion into linear motion?screw
20.7%

You're not logged in!

Compare scores with friends on all Sporcle quizzes.
Sign Up with Email
OR
Log In

You Might Also Like...

Show Comments

Extras

Top Quizzes Today


Score Distribution

Your Account Isn't Verified!

In order to create a playlist on Sporcle, you need to verify the email address you used during registration. Go to your Sporcle Settings to finish the process.